Landmark essays on advanced composition
Guardat en:
| Autors principals: | , |
|---|---|
| Format: | Llibre |
| Idioma: | anglès |
| Publicat: |
Nueva York
Routledge
1996
|
| Col·lecció: | Landmark Essays, 10
|
| Matèries: | |
| Etiquetes: |
Afegir etiqueta
Sense etiquetes, Sigues el primer a etiquetar aquest registre!
|
MARC
| LEADER | 00000nam a2200000 a 4500 | ||
|---|---|---|---|
| 001 | UCP8151 | ||
| 003 | CL-VaPUC | ||
| 008 | 000114e19960000us |||||||||||||||||eng|d | ||
| 082 | 0 | 4 | |a 808.042 |b OLS |2 21 |
| 100 | |a Olson, Gary A. |e author |9 437904 | ||
| 700 | 0 | |a Drew, Julie |e author |9 437905 | |
| 245 | 1 | 0 | |a Landmark essays on advanced composition |
| 300 | |a 250 p | ||
| 942 | |c BK | ||
| 945 | |d 20000114 00:00:00 |a cmena | ||
| 260 | |a Nueva York |b Routledge |c 1996 | ||
| 650 | 0 | |a Lengua inglesa |9 318842 | |
| 650 | 0 | |a Retórica |9 266620 | |
| 650 | 0 | |a Educación lingüística |9 306506 | |
| 650 | 0 | |a Métodos de enseñanza |9 270413 | |
| 583 | |a last modification |c 20170824 12:03:24 |k Rodrigo Vera | ||
| 490 | 0 | |a Landmark Essays, 10 | |
| 999 | |c 285105 |d 285103 | ||